Evolucin̤ de la aplicacin̤ e impacto del PEC en las UPR 2006-2010

Detalles Bibliográficos
Autor principal: Turrent Fernǹdez, Cšar
Otros Autores: Martn̕ez Tenorio, Santos, Ramr̕ez Moreno, Pablo, Cisneros Mňdez, Teresita
Formato: eBook
Lenguaje:español
Publicado: Ciudad de Mx̌ico: Cm̀ara de Diputados, 2012
Materias:
Acceso en línea:Acceso restringido

MARC

LEADER 00000nam a22000007a 4500
005 20170714123939.0
007 cr|||| ||||
008 170714s2012 mx |||||s||||f00||0 spa d
020 |a 978-607-7919-38-4 
035 |a 20417 
040 |a vLex 
090 |c 6824  |d 6824 
100 1 |a Turrent Fernǹdez, Cšar 
245 1 0 |a Evolucin̤ de la aplicacin̤ e impacto del PEC en las UPR 2006-2010  |h [Recurso electrn̤ico] /  |c Cšar Turrent Fernǹdez, Santos Martn̕ez Tenorio, Pablo Ramr̕ez Moreno, Teresita Cisneros Mňdez 
256 |a Servicio en ln̕ea 
260 |a Ciudad de Mx̌ico:  |b Cm̀ara de Diputados,  |c 2012 
300 |a 1 recurso electrn̤ico 
506 1 |a Disponible solo en los productos indicados  |d vLex Global  |d vLex Global (Academic Edition, excluding Law Schools)  |d vLex Global (U.S. Academic Edition, Law Schools)  |d vLex Global (U.S. Academic Edition, excluding Law Schools)  |d vLex Global (Academic Edition, Law Schools) 
650 0 4 |a Derecho Mercantil y de la Empresa  |z Mx̌ico 
650 0 4 |a Derecho Pb︢lico y Administrativo  |z Mx̌ico 
700 1 |a Martn̕ez Tenorio, Santos 
700 1 |a Ramr̕ez Moreno, Pablo 
700 1 |a Cisneros Mňdez, Teresita 
740 0 |a vLex Libros (Servicio en ln̕ea) 
856 4 0 |u http://vlex.com/source/evolucion-de-la-aplicacion-e-impacto-del-pec-en-las-upr-2006-2010-20417  |z Acceso restringido 
942 |c BOOK 
999 0 |a Commercial and Company Law 
999 0 |a Public and Administrative Law